02088nas a22003017a 4500008004100000022001400041040000900055245008000064260007200144300002400216362003900240650003600279650004000315710005800355942001600413999001500429952013400444952013700578952011300715952012400828952013200952952012301084952011101207952011601318952011201434952012601546952011401672130626d19791998sp |||| |||| 00| 0 spa d a0210-556X aCDMR00aAEDEb: publicación de la Asociación de Editores de Diarios Españoles aMadridb Asociación de Editores de Diarios Españolesc1979-1998 anúm.bil.c27 cm. aNúm. 1 (1979) - núm. 22 (1998)0492742aPremsazEspanyavRevistes0493173aPeriodismezEspanyavRevistes2 91924aAsociación de Editores de Diarios Españoles 2udccSERs1 c6529d6529 00102udc4070aCDMRbCDMRd2013-01-16hExtraordinario (1987)l0pCDMR13108503r2013-01-16w2013-01-16ySERzLa prensa en Europa 00102udc4070aCDMRbCDMRd2013-01-16h12 (1986)l0pCDMR13096934r2013-06-26ySERzSecreto profesional y cláusula de conciencia 00102udc4070aCDMRbCDMRd2013-01-16h17 (1992)l0pCDMR13096935r2013-06-26ySERzLa imagen en la prensa 00102udc4070aCDMRbCDMRd2013-01-16h18 (1992)l0pCDMR13096936r2013-06-26ySERzEl periodismo de habla española 00102udc4070aCDMRbCDMRd2013-01-16h21 (1996)l0pCDMR13096937r2013-06-26ySERzLibertad de prensa y nuevo Código Penal 00102udc4070aCDMRbCDMRd2013-01-16h19 (1993)l0pCDMR13096938r2013-06-26ySERzLa prensa de América en Madrid 00102udc4070aCDMRbCDMRd2013-01-16h22 (1998)l0pCDMR13096939r2013-06-26ySERzLa prensa en el arte 00102udc4070aCDMRbCDMRd2013-01-16h16 (1991)l0pCDMR13096940r2013-06-26ySERzPrensa, intimidad y honor 00102udc4070aCDMRbCDMRd2013-01-16h15 (1990)l0pCDMR13096941r2013-06-26ySERzEl humor en la prensa 00102udc4070aCDMRbCDMRd2013-01-16h14 (1989)l0pCDMR13096942r2013-06-26ySERzDiez años de prensa en democracia 00102udc4070aGIRONAbGIRONAd2015-07-22h2 (1979)l0oCi 759pGIRONA15070129r2015-07-22w2015-07-22ySER